| 000 | 00586nam a2200205 a 4500 | ||
|---|---|---|---|
| 005 | 20140310183448.0 | ||
| 008 | 081204s19uu xx 00 eng d | ||
| 020 | _a9781405166980 | ||
| 050 |
_aHD 9999.G452 _b.Et74 2007 |
||
| 245 | _aThe ethics of genetic commerce / | ||
| 260 |
_aAustralia : _bBlackwell Publishing, _c2007. |
||
| 300 |
_a225 p. : _c24 cm. |
||
| 521 | _aBSBA | ||
| 650 | _aBSBA | ||
| 650 | _aGenetic engineering industry. | ||
| 650 |
_aGenetic engineering _xMoral and ethical aspects. |
||
| 650 | _aGenetic screening. | ||
| 942 |
_cBK _2lcc _kFOR |
||
| 999 |
_c23309 _d23309 |
||